| 000 | 00639nam a2200241 i 4500 | ||
|---|---|---|---|
| 001 | 12456 | ||
| 003 | ES-MaACL | ||
| 005 | 20230906150320.0 | ||
| 007 | t| | ||
| 008 | 920902s1991 sp ||||0| spa d | ||
| 016 | 7 | _zSIC92000035 | |
| 020 | _a84-7962-007-2 | ||
| 040 |
_aSIC _bspa _cSIC |
||
| 080 | _a860(866)-31"19" | ||
| 100 | 1 |
_aSamaniego Salazar, Filoteo. _9102157 |
|
| 245 | 1 | 0 |
_aSobre sismos y otros miedos / _cFiloteo Samaniego. |
| 260 |
_aMadrid : _bVerbum, _c1991. |
||
| 300 |
_a169 p ; _c21 cm. |
||
| 490 | 1 | _anarrativa | |
| 830 | 0 |
_anarrativa _9177839 |
|
| 852 |
_aES-MaACL _jL-19804 _bR.123538 |
||
| 999 |
_c12456 _d12456 |
||